Plantas medicinais utilizadas por idosos com diagnóstico de Diabetes mellitus no tratamento dos sintomas da doença (Registro n. 298777)
[ somente texto ]
| 000 -LÍDER | |
|---|---|
| fixed length control field | 03536nab a2200373 i 4500 |
| 003 - CÓDIGO MARC DA AGÊNCIA CATALOGADORA | |
| Campo de controle | BR-BrBNA |
| 005 - DATA E HORA DA ÚLTIMA ATUALIZAÇÃO | |
| Campo de controle | 20240313151224.0 |
| 008 - CAMPO DE TAMANHO FIXO | |
| fixed length control field | 240313b2012 bl.qr|pooa||| 00| 0 por | |
| 040 ## - FONTE DA CATALOGAÇÃO | |
| Agência catalogadora | BR-BrBNA |
| Idioma da catalogação | por |
| 072 ## - CATEGORIA AGRIS | |
| Código AGRIS | S01 |
| 100 ## - ENTRADA PRINCIPAL - NOME PESSOAL | |
| Nome pessoal | Feijó, A.M. |
| 100 ## - ENTRADA PRINCIPAL - NOME PESSOAL | |
| Nome pessoal | Bueno, M.E.N. |
| 100 ## - ENTRADA PRINCIPAL - NOME PESSOAL | |
| Nome pessoal | Ceolin, T. |
| 100 ## - ENTRADA PRINCIPAL - NOME PESSOAL | |
| Nome pessoal | Linck, C.L. |
| 100 ## - ENTRADA PRINCIPAL - NOME PESSOAL | |
| Nome pessoal | Schwartz, E. |
| 100 ## - ENTRADA PRINCIPAL - NOME PESSOAL | |
| Nome pessoal | Lange, C. |
| 100 ## - ENTRADA PRINCIPAL - NOME PESSOAL | |
| Nome pessoal | Meincke, S.M.K. |
| 100 ## - ENTRADA PRINCIPAL - NOME PESSOAL | |
| Nome pessoal | Heck, R.M. |
| 100 ## - ENTRADA PRINCIPAL - NOME PESSOAL | |
| Nome pessoal | Barbieri, R.L. |
| 100 ## - ENTRADA PRINCIPAL - NOME PESSOAL | |
| Nome pessoal | Heiden, G. |
| 245 ## - TÍTULO PRINCIPAL | |
| Título principal | Plantas medicinais utilizadas por idosos com diagnóstico de Diabetes mellitus no tratamento dos sintomas da doença |
| 500 ## - NOTA GERAL | |
| Nota geral | Publicação on-line; 38 ref.; 1 table; Summaries (En, Pt) |
| 942 ## - ADDED ENTRY ELEMENTS (KOHA) | |
| Koha item type | |
| 520 ## - NOTA DE RESUMO | |
| Nota de conteúdo | <br/><br/>RESUMO: <br/><br/>Este trabalho teve como objetivo investigar as plantas medicinais utilizadas por idosos<br/>assistidos em uma Unidade Básica de Saúde de Pelotas-RS, com diagnóstico de Diabetes<br/>mellitus, como terapia complementar no tratamento dos sintomas da doença. Caracterizou-se<br/>por pesquisa qualitativa, realizada em julho de 2009, no município de Pelotas-RS. Foram<br/>entrevistados 18 idosos com idade entre 60 e 77 anos, sendo 14 do sexo feminino. Os participantes<br/>citaram 20 plantas medicinais utilizadas como terapia complementar no tratamento do Diabetes<br/>mellitus. Entre estas, as mais citadas utilizadas para diminuir os níveis de glicose no sangue<br/>foram Sphagneticola trilobata, Bauhinia spp. e Syzygium cumini, sendo que para as duas últimas<br/>há comprovação científica do efeito hipoglicemiante. A infusão foi a forma de preparo predominante.<br/>Considera-se importante a realização de estudos farmacológicos que investiguem os efeitos das<br/>plantas utilizadas pela população, a fim de que o uso proporcione os benefícios desejados e não<br/>cause danos à saúde.<br/><br/>Palavras-chave: terapias complementares, idoso, enfermagem, doença crônica |
| 520 ## - NOTA DE RESUMO | |
| Nota de conteúdo | <br/><br/>ABSTRACT: <br/><br/>Medicinal plants used by elderly people with Diabetes mellitus in the treatment<br/>of the disease symptoms. This study aimed to investigate medicinal plants used as<br/>complementary therapy by the elderly with diabetes mellitus, assisted by a Health Basic Unit in<br/>Pelotas (RS, Brazil). This qualitative research was conducted in July 2009. Eighteen 60 to 77<br/>years old elderly (14 of them female) were interviewed. The participants identified 20 medicinal<br/>plants used as complementary therapies in the treatment of diabetes mellitus. Among these, the<br/>most used ones to reduce the levels of glucose in the blood were Sphagneticola trilobata, Bauhinia<br/>spp. and Syzygium cumini. For the last two plants, there are scientific proofs of hypoglycemic<br/>effects. The infusion was the predominant form of preparation. Studies to investigate the<br/>pharmacological effects of plants used by the population have become very important, for providing<br/>scientific information on their possible health benefits and side effects.<br/><br/>Key words: complementary therapies, elderly, diabetes, medicinal plants |
| 650 ## - ASSUNTO - THESAGRO | |
| Cabeçalho tópico ou nome geográfico | TERAPIA |
| 650 ## - ASSUNTO - THESAGRO | |
| Cabeçalho tópico ou nome geográfico | DIABETE |
| 650 ## - ASSUNTO - THESAGRO | |
| Cabeçalho tópico ou nome geográfico | DOENÇA |
| 650 ## - ASSUNTO - THESAGRO | |
| Cabeçalho tópico ou nome geográfico | ENFERMAGEM |
| 650 ## - ASSUNTO - THESAGRO | |
| Cabeçalho tópico ou nome geográfico | PLANTA MEDICINAL |
| 773 0# - ENTRADA ANALÍTICA | |
| Host Biblionumber | 3543 |
| Registro do item | 313852 |
| Imprenta | Botucatu-SP Instituto de Biociências - Departamento de Química e Bioquímica 1998 |
| Outro identificador | 2024-0124 |
| Título | Revista Brasileira de Plantas Medicinais (Brazil) |
| ISSN | 1516-0572 |
| Colação | v, 14(1) p. 50-56; (2012) |
| Número de controle de registro | BR2024000151 |
| 856 ## - ACESSO E ENDEREÇO ELETRÔNICO | |
| Identificador uniforme de recurso - URI | https://www.scielo.br/j/rbpm/a/SqK7ZMsZbKdg5x5sT4mnpBp/?format=pdf&lang=pt |
Nenhum exemplar disponível.

BINAGRI